Torofuente (Record no. 70462)

MARC details
000 -LEADER
campo de control de longitud fija 00551nam a2200169 i 4500
001 - NÚMERO DE CONTROL
campo de control 70462
003 - IDENTIFICADOR DE NÚMERO DE CONTROL
campo de control ES-MaACL
005 - FECHA Y HORA DE LA ÚLTIMA TRANSACCIÓN
campo de control 20230906170826.0
007 - CAMPO FIJO DE DESCRIPCIÓN FÍSICA--INFORMACIÓN GENERAL
campo de control de longitud fija t|
008 - DATOS DE LONGITUD FIJA--INFORMACIÓN GENERAL
campo de control de longitud fija 040726s1965 sp ||||1| spa d
100 1# - ENTRADA PRINCIPAL--NOMBRE DE PERSONA
Nombre de persona García Ulecia, Alberto.
9 (RLIN) 55349
245 10 - MENCIÓN DEL TÍTULO
Título Torofuente
Resto del título : (auto de sangre y patria oscura) /
Mención de responsabilidad, etc. Alberto García Ulecia ; 15 dibujos de Juan Romero.
260 ## - PUBLICACIÓN, DISTRIBUCIÓN, ETC.
Lugar de publicación, distribución, etc. [Sevilla :
Nombre del editor, distribuidor, etc. s.n.,
Fecha de publicación, distribución, etc. 1965] (
Fabricante Gráf. del Sur)
300 ## - DESCRIPCIÓN FÍSICA
Extensión 19 p., 10 lám. ;
Dimensiones 30 cm.
700 1# - ENTRADA AGREGADA--NOMBRE PERSONAL
Nombre de persona Romero, Juan,
Término indicativo de función/relación
9 (RLIN) 99336
852 ## - LOCALIZACIÓN
Ubicación ES-MaACL
Número de control de estantería C-27515
Sublocalización o colección R.56551
Holdings
Estatus retirado Estado de pérdida Estado de daño No para préstamo Biblioteca de origen Biblioteca actual Ubicación en estantería Fecha de adquisición Fuente de adquisición Total de préstamos Signatura topográfica completa Código de barras Visto por última vez Precio de reemplazo Tipo de ítem Koha
        Biblioteca del Ateneo de Madrid Biblioteca del Ateneo de Madrid Depósito 2 17/01/2008     C-27515 1073783 23/02/2023 23/02/2023 Libro impreso